000 00553nam a2200229Ia 4500
003 OSt
005 20220924152824.0
006 a|||||r|||| 00| 0
007 ta
008 220923b |||||||| |||| 00| 0 guj d
024 _a344870
037 _cTextual
040 _aARTS
_cARTS
_bguj
041 _2guj
_aguj
082 _aO156,1J91,3, J8
100 _aAkha
_9227565
245 0 _aAkhani vani
260 _c1958
650 _aGUJRATI LITERATURE
942 _hO156,1J91,3, J8
_cTEXL
_2CC
999 _c471140
_d471140